000 00406nam a2200145Ia 4500
008 100122s9999 xx 000 0 und d
082 _b31517
_a823
100 _aमेहता शशिकला
245 _aअनुराधा
260 _bस्मिता प्रकाशन
_c1905
300 _a110
630 _aअनुराधा
730 _aअनुराधा
942 _cBOOK
999 _c416088
_d416085